000 00600nam a2200169Ia 4500
008 090201s9999 xx 000 0 und d
010 _aKPL-14775
040 _bमराठी
041 _aमराठी
082 _a34761
_b14775
100 _aवा शि आपटे
245 _aव्यक्तिमत्त्व कसे सुधारावे ?
_cवा शि आपटे
260 _c2004
_bसरिता प्रकाशन
300 _a92
_bमोठा
600 _aव्यक्तिमत्त्व कसे सुधारावे ?
942 _cBOOK
999 _c232937
_d232937